000 00339 a2200157 4500
001 179843
020 _a
040 _cMagnum
100 _aBandeira, Pedro
240 1 0 _aTrocando as bolas
_lpor
245 1 0 _aTrocando as bolas
362 0 _a1899
440 1 _aMelhoramentos
697 _aMAGNITO: IJ/AVENTURA, CRIANCAS
942 _cBK
999 _c179843
_d179843